[Event "Pere Noel U1800"]
[Site "Montreal CAN"]
[Date "2016.12.27"]
[Round "2.1"]
[White "Bedard, Michel"]
[Black "Villeneuve, Benoit"]
[Result "1/2-1/2"]
[WhiteElo "1591"]
[BlackElo "1791"]
[PlyCount "125"]
[EventDate "2016.12.26"]
[EventType "swiss"]
[EventRounds "5"]
[EventCountry "CAN"]

1. f4 d5 2. Nf3 Nf6 3. e3 Bg4 4. Be2 e6 5. b3 Nbd7 6. Bb2 Bd6 7. O-O O-O 8. d4
Ne4 9. Nbd2 Ndf6 10. Nxe4 Nxe4 11. Rc1 c6 12. Nd2 Bxe2 13. Qxe2 Nxd2 14. Qxd2
f5 15. Rf3 a5 16. a4 b5 17. axb5 cxb5 18. c4 bxc4 19. bxc4 dxc4 20. Rxc4 Bb4
21. Qd3 Qd7 22. Rf1 Rac8 23. Rfc1 Qb5 24. Qb3 Rxc4 25. Rxc4 Qd5 26. Qc2 h6 27.
Rc8 Rxc8 28. Qxc8+ Kh7 29. h4 Qb3 30. Qc1 h5 31. Kf2 a4 32. d5 Qxd5 33. Be5
Qd2+ 34. Qxd2 Bxd2 35. Ke2 Bb4 36. Kd1 Kg8 37. Kc2 Be1 38. Kb2 Bxh4 39. Ka3 Bf2
40. Bd4 Kf7 41. Kxa4 Ke7 42. Kb4 Kd6 43. Kc4 g6 44. Be5+ Kc6 45. Kd3 Kd5 46.
Ke2 Bh4 47. Kf3 Be7 48. Bd4 g5 49. fxg5 Bxg5 50. Bb6 e5 51. Bc7 e4+ 52. Ke2 Ke6
53. Kf2 h4 54. Bb8 Kf6 55. Bc7 Kg6 56. Bd6 Kh5 57. Bc7 Kg4 58. Bb6 f4 59. exf4
Bxf4 60. Kg1 e3 61. Bc5 Kg3 62. Bxe3 Bxe3+ 63. Kh1 1/2-1/2

[Event "Pere Noel U1800"]
[Site "Montreal CAN"]
[Date "2016.12.27"]
[Round "2.2"]
[White "Hollander, Michael"]
[Black "Yu, Xi Ming"]
[Result "1/2-1/2"]
[WhiteElo "1768"]
[BlackElo "1540"]
[PlyCount "71"]
[EventDate "2016.12.26"]
[EventType "swiss"]
[EventRounds "5"]
[EventCountry "CAN"]

1. e4 c5 2. Nc3 e6 3. f4 d5 4. Bb5+ Nc6 5. Nf3 a6 6. Bxc6+ bxc6 7. d3 Bd6 8.
O-O Ne7 9. Qe1 Rb8 10. Kh1 Bb7 11. Na4 c4 12. dxc4 dxe4 13. Qxe4 c5 14. Qe2 Nf5
15. Nc3 Qc7 16. Ne4 Rd8 17. Nxd6+ Rxd6 18. Bd2 Bxf3 19. gxf3 Nd4 20. Qg2 f6 21.
Bc3 O-O 22. Rae1 Qd7 23. Re4 Nf5 24. Rfe1 Kh8 25. Qe2 Re8 26. a3 Qa4 27. b3 Qd7
28. Qf2 Qc7 29. R1e2 Rd1+ 30. Kg2 Qf7 31. h3 Qg6+ 32. Kh2 Qh6 33. Rd2 Rxd2 34.
Qxd2 Nh4 35. Kg3 Nf5+ 36. Kh2 1/2-1/2

[Event "Pere Noel U1800"]
[Site "Montreal CAN"]
[Date "2016.12.27"]
[Round "2.3"]
[White "Kay, Sang Kil"]
[Black "Zheng, Richard"]
[Result "0-1"]
[WhiteElo "1565"]
[BlackElo "1758"]
[PlyCount "124"]
[EventDate "2016.12.26"]
[EventType "swiss"]
[EventRounds "5"]
[EventCountry "CAN"]

1. d4 d5 2. Nf3 Nf6 3. Bf4 Bf5 4. e3 e6 5. c4 Bxb1 6. Rxb1 Bb4+ 7. Nd2 Ne4 8.
Qa4+ Nc6 9. Rd1 Nxd2 10. Rxd2 Bxd2+ 11. Kxd2 O-O 12. Bd3 dxc4 13. Qxc4 Rc8 14.
h4 Qd5 15. Qc2 Qa5+ 16. Ke2 Qh5+ 17. f3 Nb4 18. Qd2 Nxd3 19. Kxd3 Qb5+ 20. Kc2
c5 21. d5 Qc4+ 22. Kb1 Qxd5 23. Qc2 Rfd8 24. e4 Qd3 25. h5 f6 26. e5 Qxc2+ 27.
Kxc2 fxe5 28. Bxe5 Rd5 29. Re1 Rcd8 30. g4 Rd2+ 31. Kc1 Kf7 32. a3 Rg2 33. Re3
Rdd2 34. Kb1 Rde2 35. Rb3 Rxe5 36. Rxb7+ Kf6 37. Rxa7 Re1+ 38. Ka2 Ree2 39. Kb3
Rxb2+ 40. Kc4 Rg3 41. Kxc5 Rxf3 42. a4 Rg3 43. a5 Rxg4 44. a6 Ra4 45. Ra8 Rba2
46. Kb6 Rxa6+ 47. Rxa6 Rxa6+ 48. Kxa6 Kg5 49. Kb5 Kxh5 50. Kc5 Kg5 51. Kd4 Kf4
52. Kd3 g5 53. Ke2 g4 54. Kf2 h5 55. Kg2 h4 56. Kf2 h3 57. Kg1 Kg3 58. Kh1 Kf2
59. Kh2 g3+ 60. Kxh3 g2 61. Kg4 g1=Q+ 62. Kf4 Qg3+ 0-1

[Event "Pere Noel U1800"]
[Site "Montreal CAN"]
[Date "2016.12.27"]
[Round "2.4"]
[White "Craciun, David"]
[Black "Baran, Marius"]
[Result "0-1"]
[WhiteElo "1537"]
[BlackElo "1721"]
[PlyCount "102"]
[EventDate "2016.12.26"]
[EventType "swiss"]
[EventRounds "5"]
[EventCountry "CAN"]

1. d4 d5 2. e3 Bf5 3. f4 Nf6 4. Nf3 e6 5. Be2 Ne4 6. O-O c5 7. c3 Bd6 8. Bb5+
Kf8 9. Nbd2 a6 10. Be2 Nd7 11. Ne5 Nxd2 12. Bxd2 f6 13. g4 Be4 14. Nd3 Qe7 15.
Rc1 b5 16. Nf2 f5 17. Nxe4 dxe4 18. Be1 Nb6 19. Qc2 Kf7 20. b3 Rac8 21. Qd2 c4
22. Bg3 g6 23. Rc2 Rc7 24. Kg2 Rhc8 25. g5 a5 26. Be1 Ba3 27. bxc4 Nxc4 28.
Bxc4 Rxc4 29. Rf2 Qd7 30. Qd1 Qc6 31. Qb1 b4 32. Kf1 bxc3 33. Qb3 Bb2 34. Rxb2
cxb2 35. Rxb2 a4 36. Qb7+ Qxb7 37. Rxb7+ R8c7 38. Rxc7+ Rxc7 39. a3 Rc1 40. Ke2
Ra1 41. Bb4 Ra2+ 42. Kf1 Rxh2 43. Ke1 Ke8 44. Kd1 Kd7 45. Bd2 Kc6 46. Kc2 Kb5
47. Kc3 Rh1 48. Kc2 Kc4 49. Ba5 Rh2+ 50. Bd2 Rg2 51. Kd1 Kd3 0-1

[Event "Pere Noel U1800"]
[Site "Montreal CAN"]
[Date "2016.12.27"]
[Round "2.5"]
[White "O'Connor, Michael"]
[Black "Forest, Jimmy"]
[Result "1/2-1/2"]
[WhiteElo "1639"]
[BlackElo "1529"]
[PlyCount "88"]
[EventDate "2016.12.26"]
[EventType "swiss"]
[EventRounds "5"]
[EventCountry "CAN"]

1. e4 Nc6 2. d4 e5 3. Nf3 exd4 4. c3 dxc3 5. Bc4 cxb2 6. Bxb2 Nf6 7. Nc3 Bb4 8.
e5 d5 9. exf6 Qxf6 10. Qe2+ Be6 11. O-O Bxc3 12. Bxc3 Qxc3 13. Bxd5 Qf6 14.
Rab1 O-O 15. Bxe6 Qxe6 16. Qxe6 fxe6 17. Rxb7 Rac8 18. Rc1 Rfd8 19. Kf1 Rd6 20.
Ng5 e5 21. Ne4 Rd4 22. Rxc6 Rxe4 23. Rxa7 Rb4 24. a4 Rb1+ 25. Ke2 Rb2+ 26. Ke3
Rb3+ 27. Ke4 Rb6 28. Raxc7 Rxc7 29. Rxc7 Rb4+ 30. Kxe5 Rxa4 31. Rc2 g6 32. Rd2
Ra5+ 33. Ke4 Rf5 34. f3 Kg7 35. Rd5 Rf7 36. g4 Re7+ 37. Re5 Ra7 38. Kf4 Kf6 39.
h4 h6 40. g5+ Kg7 41. Re4 Rf7+ 42. Kg3 Ra7 43. Re5 Rb7 44. Re6 Ra7 1/2-1/2

[Event "Pere Noel U1800"]
[Site "Montreal CAN"]
[Date "2016.12.27"]
[Round "2.6"]
[White "Raduica, Gheorghe"]
[Black "Guan, Zi Yu"]
[Result "1-0"]
[WhiteElo "1509"]
[BlackElo "1637"]
[PlyCount "75"]
[EventDate "2016.12.26"]
[EventType "swiss"]
[EventRounds "5"]
[EventCountry "CAN"]

1. c4 Nf6 2. d4 g6 3. Nc3 Bg7 4. e3 d6 5. Be2 O-O 6. Nf3 Nbd7 7. Bd2 e5 8. dxe5
dxe5 9. Qc2 Re8 10. O-O h6 11. e4 Nh5 12. Qc1 g5 13. Nxg5 hxg5 14. Bxh5 Re6 15.
Bxg5 f6 16. Bh4 c6 17. Bg4 Rd6 18. Qe3 Nb6 19. Be2 Rd4 20. Rad1 Be6 21. b3 Qd6
22. f4 Rd8 23. fxe5 Qxe5 24. Bg3 Qc5 25. b4 Qxb4 26. Rxd4 Rxd4 27. Qxd4 c5 28.
Qd8+ Kh7 29. Be1 Nxc4 30. Nd5 Qb2 31. Nf4 Bf7 32. Rf3 Bh6 33. Bxc4 Bxc4 34.
Qd7+ Kg8 35. Rg3+ Kf8 36. Ng6+ Kg8 37. Ne5+ Kf8 38. Qd8# 1-0

[Event "Pere Noel U1800"]
[Site "Montreal CAN"]
[Date "2016.12.27"]
[Round "2.7"]
[White "Chang, Alexander RZ"]
[Black "Tinica, Gabriel"]
[Result "0-1"]
[WhiteElo "1393"]
[BlackElo "1606"]
[PlyCount "112"]
[EventDate "2016.12.26"]
[EventType "swiss"]
[EventRounds "5"]
[EventCountry "CAN"]

1. d4 Nf6 2. Bf4 g6 3. e3 Bg7 4. Nf3 O-O 5. c3 d6 6. Bd3 Nbd7 7. h3 Re8 8. Bh2
e5 9. Bc2 e4 10. Nfd2 d5 11. O-O c6 12. c4 a6 13. Nc3 b6 14. b4 Bb7 15. Bb3 Rc8
16. Rc1 b5 17. cxb5 cxb5 18. a3 Nb6 19. Qe2 Nc4 20. Nxc4 dxc4 21. Ba2 Nd5 22.
Rfd1 Nxc3 23. Rxc3 f5 24. Ra1 Bd5 25. Qd2 Ra8 26. a4 Bf8 27. Qb2 Bd6 28. Bxd6
Qxd6 29. a5 g5 30. Rc2 Re6 31. g3 Rh6 32. Kg2 Kh8 33. Rh1 Rg8 34. Bb1 f4 35.
Rg1 Qe6 36. g4 f3+ 37. Kh2 Qd6+ 38. Rg3 Rgg6 39. Kg1 Rh4 40. Kf1 Rgh6 41. Ke1
Rxh3 42. Rxh3 Rxh3 43. Kd2 Rh2 44. Kc3 Rg2 45. Rc1 Rxg4 46. Rh1 Qg6 47. Qc1 Rg2
48. Qf1 Qf5 49. Rh6 Be6 50. Rh1 Qg4 51. Qe1 h5 52. Qd2 Bd5 53. Qe1 Kg7 54. Qf1
h4 55. Bc2 h3 56. Bb1 h2 0-1

[Event "Pere Noel U1800"]
[Site "Montreal CAN"]
[Date "2016.12.27"]
[Round "2.8"]
[White "Yergeau, Simon"]
[Black "Varfalvy, Peter"]
[Result "1/2-1/2"]
[WhiteElo "1601"]
[BlackElo "1409"]
[PlyCount "92"]
[EventDate "2016.12.26"]
[EventType "swiss"]
[EventRounds "5"]
[EventCountry "CAN"]

1. e4 c6 2. d4 d5 3. Nc3 dxe4 4. Nxe4 Bf5 5. Ng3 Bg6 6. h4 h6 7. h5 Bh7 8. Nf3
Nf6 9. Bd3 Bxd3 10. Qxd3 e6 11. Bd2 Bd6 12. O-O-O Qc7 13. Ne4 Nxe4 14. Qxe4 Nd7
15. Qg4 Ke7 16. Rhe1 Nf6 17. Qh4 Kf8 18. Ne5 Bxe5 19. dxe5 Nd5 20. f4 Qe7 21.
Qf2 g6 22. a3 Kg7 23. hxg6 fxg6 24. c4 Nb6 25. Bb4 Qe8 26. Qc2 Rd8 27. Bd6 Qf7
28. Qe4 Qf5 29. b3 Rd7 30. Qf3 Rf7 31. Re4 h5 32. Bb4 g5 33. Rh1 g4 34. Qe3 Rd7
35. g3 Rhd8 36. Bd6 Nc8 37. c5 Ne7 38. Bxe7 Rxe7 39. Rd4 Red7 40. Rxd7+ Rxd7
41. Rd1 Rxd1+ 42. Kxd1 Qb1+ 43. Ke2 Qc2+ 44. Qd2 Qe4+ 45. Kd1 Qb1+ 46. Ke2 Qe4+
1/2-1/2

[Event "Pere Noel U1800"]
[Site "Montreal CAN"]
[Date "2016.12.27"]
[Round "2.9"]
[White "Liu, Kevin"]
[Black "Lefebvre, Eugene"]
[Result "1-0"]
[WhiteElo "1373"]
[BlackElo "1322"]
[PlyCount "62"]
[EventDate "2016.12.26"]
[EventType "swiss"]
[EventRounds "5"]
[EventCountry "CAN"]

1. e4 c5 2. c3 Nf6 3. Bd3 Nc6 4. Bc2 e5 5. Nf3 d6 6. d4 cxd4 7. cxd4 exd4 8.
Nxd4 Be7 9. O-O O-O 10. Nc3 a6 11. Bf4 Ne5 12. Qe2 Bg4 13. f3 Be6 14. Rad1 Qb6
15. Na4 Qc7 16. Nxe6 fxe6 17. Bb3 Kf7 18. Rc1 Qd8 19. Rfd1 Nfd7 20. Bxe5 Nxe5
21. f4 Nd7 22. Qh5+ Kg8 23. Bxe6+ Kh8 24. Bxd7 Qxd7 25. Nb6 Qd8 26. Nxa8 Qxa8
27. e5 dxe5 28. fxe5 Qa7+ 29. Kh1 Qf2 30. Qg4 h6 31. Rc8 Qf1+ 1-0

[Event "Pere Noel U1800"]
[Site "Montreal CAN"]
[Date "2016.12.27"]
[Round "2.10"]
[White "Kozlov, Guennadi"]
[Black "Bergeron, Jean-Guy"]
[Result "1-0"]
[WhiteElo "1736"]
[BlackElo "1518"]
[PlyCount "99"]
[EventDate "2016.12.26"]
[EventType "swiss"]
[EventRounds "5"]
[EventCountry "CAN"]

1. e4 g6 2. d4 c6 3. c3 d5 4. e5 h5 5. Bd3 Nh6 6. Nf3 Bg4 7. h3 Bxf3 8. Qxf3 e6
9. Nd2 Nf5 10. Bxf5 gxf5 11. Nb3 Nd7 12. Be3 f6 13. Qg3 Kf7 14. f4 h4 15. Qf3
Be7 16. O-O-O a5 17. g4 fxg4 18. Qxg4 f5 19. Qf3 a4 20. Nc5 Nxc5 21. dxc5 Qa5
22. Qf2 Qb5 23. Rhg1 Qc4 24. a3 Qa2 25. Qe2 Ra5 26. Qg2 Ke8 27. Qc2 Rb5 28. Rd2
Bxc5 29. Bxc5 Rxc5 30. Rg6 Kf7 31. Rf6+ Ke7 32. Rg2 Rh7 33. Rgg6 Qc4 34. Rxe6+
Kd7 35. Qxf5 Qf1+ 36. Kc2 Qe2+ 37. Kb1 Qd1+ 38. Ka2 Qb3+ 39. Ka1 Qd1+ 40. Qb1
Qf3 41. Ref6 Qxh3 42. e6+ Ke7 43. Qe1 b6 44. Rh6 Rxh6 45. Rxh6 Rc4 46. Qe5 Qf1+
47. Ka2 Qxf4 48. Rh7+ Ke8 49. Qh5+ Kd8 50. e7+ 1-0

[Event "Pere Noel U1800"]
[Site "Montreal CAN"]
[Date "2016.12.27"]
[Round "2.11"]
[White "Giroux, Gilbert"]
[Black "Hebert, Mario"]
[Result "1-0"]
[WhiteElo "1632"]
[BlackElo "1516"]
[PlyCount "91"]
[EventDate "2016.12.26"]
[EventType "swiss"]
[EventRounds "5"]
[EventCountry "CAN"]

1. e4 e6 2. d4 d5 3. e5 c5 4. c3 Qb6 5. Nf3 Bd7 6. Be2 cxd4 7. cxd4 Bb5 8. Nc3
Bxe2 9. Nxe2 Nc6 10. O-O Rc8 11. a3 Nge7 12. Ng3 Ng6 13. b4 Be7 14. Be3 O-O 15.
Rc1 a5 16. bxa5 Nxa5 17. Rb1 Qa6 18. a4 Rc7 19. Rb5 Rfc8 20. Qb1 Nc4 21. Qb3
Nxe3 22. fxe3 Rc3 23. Qb2 Rxe3 24. Rc1 Rxc1+ 25. Qxc1 Ra3 26. Qc8+ Bf8 27. Qxb7
Qxb7 28. Rxb7 Rxa4 29. Ne2 Rc4 30. Ng5 Ne7 31. Nf3 h6 32. Kf2 g5 33. g4 Ng6 34.
Nd2 Rc2 35. Ke3 Ra2 36. Nc1 Rc2 37. Ne2 Kg7 38. Nf1 Ba3 39. Nfg3 Nf4 40. Nxf4
gxf4+ 41. Kxf4 Bc1+ 42. Kf3 Rxh2 43. Nh5+ Kg6 44. Rb8 Kg5 45. Kg3 Rxh5 46. Rg8#
1-0

[Event "Pere Noel U1800"]
[Site "Montreal CAN"]
[Date "2016.12.27"]
[Round "2.12"]
[White "Charette, Nicolas"]
[Black "Gendron, Roger"]
[Result "1-0"]
[WhiteElo "1591"]
[BlackElo "1494"]
[PlyCount "91"]
[EventDate "2016.12.26"]
[EventType "swiss"]
[EventRounds "5"]
[EventCountry "CAN"]

1. e4 d5 2. exd5 Qxd5 3. Nc3 Qd6 4. Nf3 a6 5. d4 Nf6 6. Be2 Nc6 7. O-O Bf5 8.
a3 e6 9. h3 Be7 10. Be3 O-O 11. Qd2 Rad8 12. Bf4 Qd7 13. Rad1 Rfe8 14. Na2 Ne4
15. Qc1 Bd6 16. Ne5 Bxe5 17. dxe5 Qe7 18. Bd3 Nd4 19. Rfe1 Nc5 20. Bxf5 Nxf5
21. Bg5 Rxd1 22. Rxd1 f6 23. exf6 gxf6 24. Bd2 Ne4 25. Nc3 Nxd2 26. Qxd2 Nd6
27. Re1 Nc4 28. Qd4 Ne5 29. Rd1 Qg7 30. Kf1 c6 31. Ne4 f5 32. Nc5 Qc7 33. Re1
Ng6 34. Rxe6 Rd8 35. Qc4 Rd1+ 36. Ke2 Rd5 37. Re8+ Kf7 38. Re3 Nf4+ 39. Kf1 Kf8
40. Ne6+ Nxe6 41. Rxe6 Rd1+ 42. Ke2 Rd7 43. Qc5+ Re7 44. Qxf5+ Ke8 45. Qh5+ Kd8
46. Qh6 1-0

[Event "Pere Noel U1800"]
[Site "Montreal CAN"]
[Date "2016.12.27"]
[Round "2.13"]
[White "Bureau, Robert"]
[Black "Richard, Leo"]
[Result "0-1"]
[WhiteElo "1476"]
[BlackElo "1582"]
[PlyCount "164"]
[EventDate "2016.12.26"]
[EventType "swiss"]
[EventRounds "5"]
[EventCountry "CAN"]

1. e4 e6 2. d4 d5 3. Nc3 Bb4 4. e5 c5 5. a3 Bxc3+ 6. bxc3 Ne7 7. Qg4 O-O 8. Nf3
Nbc6 9. Bd3 Nf5 10. Bxf5 exf5 11. Qg3 f6 12. exf6 Qxf6 13. O-O f4 14. Qg5 Qxg5
15. Nxg5 cxd4 16. Bd2 dxc3 17. Bxc3 d4 18. Bb2 Bf5 19. Rac1 Rfd8 20. Nf3 Rd6
21. Rfe1 Rad8 22. Nd2 b5 23. Nf3 a6 24. h3 h6 25. Re2 d3 26. cxd3 Bxd3 27. Rd2
Na5 28. Rc3 Nc4 29. Bc1 Nxd2 30. Bxd2 g5 31. Rc7 Be4 32. Bc3 Rc6 33. Rxc6 Bxc6
34. Ne5 Rc8 35. Bb4 Be8 36. Ng4 Rc6 37. Ne5 Re6 38. Nd3 Kf7 39. Nc5 Rc6 40. Ne4
Ke6 41. f3 Kd5 42. Kf2 Bg6 43. Nd2 Bc2 44. g4 Ba4 45. Ke2 Re6+ 46. Kf2 Bd1 47.
Ne4 Bxf3 48. Nc3+ Kc4 49. Nxb5 Kxb5 50. Kxf3 Re3+ 51. Kg2 Re2+ 52. Kg1 f3 53.
Bf8 Re6 54. Kf2 Ka4 55. Bb4 Rf6 56. Be7 Rb6 57. Kxf3 Rb3+ 58. Kg2 Rxa3 59. Bf8
Rb3 60. Bxh6 Rb5 61. Kg3 Kb3 62. h4 gxh4+ 63. Kxh4 a5 64. g5 Rb8 65. Kg4 a4 66.
Bg7 a3 67. Kf5 a2 68. g6 Kc2 69. Ke6 Rg8 70. Kf7 Rxg7+ 71. Kxg7 a1=Q+ 72. Kh7
Qh1+ 73. Kg8 Qa8+ 74. Kh7 Qe4 75. Kh6 Qh4+ 76. Kg7 Qe7+ 77. Kh6 Qh4+ 78. Kg7
Kd3 79. Kg8 Ke4 80. g7 Kf5 81. Kf8 Qf6+ 82. Kg8 Kg6 0-1

[Event "Pere Noel U1800"]
[Site "Montreal CAN"]
[Date "2016.12.27"]
[Round "2.14"]
[White "Rabutki, Dimitri"]
[Black "Courtemanche, Sylvain"]
[Result "0-1"]
[WhiteElo "1542"]
[BlackElo "1484"]
[PlyCount "100"]
[EventDate "2016.12.26"]
[EventType "swiss"]
[EventRounds "5"]
[EventCountry "CAN"]

1. e4 e5 2. Bc4 Nf6 3. d3 Nc6 4. Nf3 Bc5 5. h3 O-O 6. Bg5 h6 7. Bh4 Be7 8. c3
d6 9. Nbd2 Na5 10. Bb3 Nxb3 11. Nxb3 Be6 12. Bxf6 Bxf6 13. O-O Re8 14. c4 c6
15. Nbd2 d5 16. Qc2 dxe4 17. dxe4 b5 18. c5 Qc7 19. b4 a5 20. a3 axb4 21. axb4
Ra7 22. Rxa7 Qxa7 23. Qb2 Qa2 24. Qxa2 Bxa2 25. Ra1 Ra8 26. Nb3 Ra4 27. Na5 Be6
28. Rb1 Bd7 29. g3 Kf8 30. Kg2 Ke7 31. h4 Ke6 32. Ne1 Be7 33. Nc2 Bxc5 34. Nb3
Bxb4 35. Nxb4 Kd6 36. Rd1+ Kc7 37. Rxd7+ Kxd7 38. Nc5+ Kd6 39. Nxa4 bxa4 40.
Kf3 Kc5 41. Nd3+ Kd4 42. Ke2 a3 43. Nb4 Kc3 44. Na2+ Kb2 45. Nb4 a2 46. Nxa2
Kxa2 47. f4 f6 48. g4 g5 49. h5 gxf4 50. Kd3 c5 0-1

[Event "Pere Noel U1800"]
[Site "Montreal CAN"]
[Date "2016.12.27"]
[Round "2.15"]
[White "Molloy, Francis"]
[Black "Legault, Simon"]
[Result "1/2-1/2"]
[WhiteElo "1536"]
[BlackElo "1387"]
[PlyCount "105"]
[EventDate "2016.12.26"]
[EventType "swiss"]
[EventRounds "5"]
[EventCountry "CAN"]

1. Nf3 d5 2. d4 Nf6 3. c4 c6 4. e3 e6 5. b3 Be7 6. Bd3 O-O 7. O-O Nbd7 8. Nbd2
Ne8 9. Qc2 f5 10. Bb2 Nd6 11. Ne1 Bg5 12. Ndf3 Ne4 13. Nxg5 Qxg5 14. Ba3 Rf6
15. Be7 Qh6 16. Bxf6 Ndxf6 17. h3 Ng5 18. f4 Nge4 19. Nf3 Bd7 20. Qc1 Ng3 21.
Re1 Rf8 22. Ne5 Be8 23. Qa3 Qh4 24. Nf3 Qh6 25. Ng5 Nfe4 26. Bxe4 fxe4 27. Qe7
Nf5 28. Qxe6+ Qxe6 29. Nxe6 Rf6 30. cxd5 cxd5 31. Nc5 b6 32. Na4 Rg6 33. Rac1
Nh4 34. Re2 Bd7 35. Kh1 Nf5 36. Kh2 h5 37. Nb2 Ng3 38. Rf2 h4 39. a4 Rf6 40.
Kg1 a6 41. Rfc2 b5 42. Kf2 g5 43. Kg1 gxf4 44. Rf2 f3 45. gxf3 exf3 46. Kh2 Ne4
47. Rfc2 f2 48. Rf1 Rf3 49. Kg2 Rg3+ 50. Kh2 Rxh3+ 51. Kg2 Rg3+ 52. Kh2 Rf3 53.
Nd1 1/2-1/2

[Event "Pere Noel U1800"]
[Site "Montreal CAN"]
[Date "2016.12.27"]
[Round "2.16"]
[White "Straehl, Patrick"]
[Black "Sonn, Eric"]
[Result "0-1"]
[WhiteElo "1374"]
[BlackElo "1536"]
[PlyCount "42"]
[EventDate "2016.12.26"]
[EventType "swiss"]
[EventRounds "5"]
[EventCountry "CAN"]

1. d4 Nf6 2. c4 g6 3. Nc3 Bg7 4. e3 O-O 5. Nf3 c5 6. d5 d6 7. Bd3 e5 8. e4 Nh5
9. Bd2 f5 10. Qc2 f4 11. O-O-O a6 12. h3 Bd7 13. Be2 b5 14. cxb5 axb5 15. b3
Qb6 16. Rdg1 Na6 17. Nb1 Nb4 18. Bxb4 cxb4 19. Kd1 Rfc8 20. Qb2 Qxf2 21. g4 Ng3
0-1

[Event "Pere Noel U1800"]
[Site "Montreal CAN"]
[Date "2016.12.27"]
[Round "2.17"]
[White "Guzman, Marcelo"]
[Black "Labadie, Bernard"]
[Result "1-0"]
[WhiteElo "1535"]
[BlackElo "1311"]
[PlyCount "75"]
[EventDate "2016.12.26"]
[EventType "swiss"]
[EventRounds "5"]
[EventCountry "CAN"]

1. d4 d5 2. Nf3 e6 3. c4 c5 4. Nc3 Nf6 5. Bg5 Nbd7 6. e3 Be7 7. Be2 O-O 8. O-O
b6 9. h3 Bb7 10. Bf4 a6 11. a4 Rc8 12. Bh2 dxc4 13. Bxc4 cxd4 14. Qxd4 Bc5 15.
Qd3 Bxf3 16. gxf3 Qe7 17. Bxa6 Ra8 18. Bb7 Ra5 19. Bc6 Rd8 20. Rfd1 Bb4 21. Bb5
Raa8 22. Qd4 Nf8 23. Qxb6 Bxc3 24. Rxd8 Rxd8 25. bxc3 Nd5 26. Qc6 Qg5+ 27. Kh1
Qh4 28. Kg2 Nxe3+ 29. Kg1 Rd7 30. Bg3 Qxh3 31. f4 Nf5 32. Qg2 Qg4 33. Bh2 Qh4
34. Qf3 h5 35. a5 Ng6 36. a6 Qe7 37. a7 Ngh4 38. a8=Q+ 1-0

[Event "Pere Noel U1800"]
[Site "Montreal CAN"]
[Date "2016.12.27"]
[Round "2.18"]
[White "Milosz, Jerzy"]
[Black "Velasquez, Cesar"]
[Result "1-0"]
[WhiteElo "1529"]
[BlackElo "1293"]
[PlyCount "47"]
[EventDate "2016.12.26"]
[EventType "swiss"]
[EventRounds "5"]
[EventCountry "CAN"]

1. e4 e5 2. Nf3 d6 3. Bc4 h6 4. h3 Nf6 5. Nc3 Nc6 6. d3 a6 7. Be3 Be7 8. a3 Na5
9. Ba2 Bd7 10. Nd5 Bc6 11. Nxe7 Qxe7 12. b4 d5 13. Bc5 b6 14. Bxe7 Kxe7 15.
bxa5 Rhd8 16. Nxe5 Be8 17. Bxd5 Rxd5 18. Nf3 Kf8 19. axb6 cxb6 20. O-O Bc6 21.
Re1 Rd6 22. Ne5 Bb7 23. Qg4 Bc8 24. Qh4 1-0

[Event "Pere Noel U1800"]
[Site "Montreal CAN"]
[Date "2016.12.28"]
[Round "3.1"]
[White "Zheng, Richard"]
[Black "Tinica, Gabriel"]
[Result "1-0"]
[WhiteElo "1758"]
[BlackElo "1606"]
[PlyCount "91"]
[EventDate "2016.12.26"]
[EventType "swiss"]
[EventRounds "5"]
[EventCountry "CAN"]

1. e4 c5 2. Nf3 Nc6 3. d4 cxd4 4. Nxd4 Nf6 5. Nc3 g6 6. Be3 Bg7 7. Be2 O-O 8.
O-O d6 9. Nxc6 bxc6 10. Bf3 Qc7 11. Rc1 Ba6 12. Re1 Rab8 13. b3 Rfd8 14. Be2
Bxe2 15. Qxe2 e5 16. Bg5 h6 17. Bxf6 Bxf6 18. Qc4 Qb7 19. Rcd1 Rd7 20. Re3 Rbd8
21. Red3 Bg7 22. a3 Kh8 23. b4 Bf8 24. Qb3 a6 25. g3 Re8 26. Na4 Red8 27. c4 f5
28. f3 f4 29. Kg2 g5 30. R1d2 Qa7 31. Qd1 a5 32. c5 axb4 33. axb4 d5 34. Nb6 d4
35. Nxd7 Qxd7 36. g4 Rb8 37. Rb3 Qf7 38. Rdb2 Rb5 39. Qd3 Kh7 40. Rc2 h5 41. h3
hxg4 42. hxg4 Qa7 43. Qc4 Qa4 44. Rb1 Qa6 45. Qf7+ Bg7 46. Rh1# 1-0

[Event "Pere Noel U1800"]
[Site "Montreal CAN"]
[Date "2016.12.28"]
[Round "3.2"]
[White "Baran, Marius"]
[Black "Raduica, Gheorghe"]
[Result "1-0"]
[WhiteElo "1721"]
[BlackElo "1509"]
[PlyCount "43"]
[EventDate "2016.12.26"]
[EventType "swiss"]
[EventRounds "5"]
[EventCountry "CAN"]

1. e4 d6 2. d4 c6 3. Nc3 Nf6 4. Be3 Nbd7 5. f3 e5 6. Nge2 a6 7. g4 h6 8. Ng3 g6
9. Qd2 Qc7 10. Be2 c5 11. dxc5 Nxc5 12. O-O-O Be6 13. Kb1 b5 14. h4 b4 15. Nd5
Nxd5 16. exd5 Bd7 17. Bxc5 dxc5 18. Bc4 Bg7 19. Ne4 f5 20. d6 Qb6 21. Qd5 O-O-O
22. Qa8+ 1-0

[Event "Pere Noel U1800"]
[Site "Montreal CAN"]
[Date "2016.12.28"]
[Round "3.3"]
[White "Villeneuve, Benoit"]
[Black "Lepine, Yannick"]
[Result "0-1"]
[WhiteElo "1791"]
[BlackElo "1545"]
[PlyCount "81"]
[EventDate "2016.12.26"]
[EventType "swiss"]
[EventRounds "5"]
[EventCountry "CAN"]

1. e4 c5 2. Nf3 d6 3. d4 cxd4 4. Nxd4 Nf6 5. Nc3 g6 6. Be2 Bg7 7. Be3 O-O 8.
O-O Nc6 9. Qd2 Nxd4 10. Bxd4 Qa5 11. Be3 Be6 12. f3 Rfc8 13. Rfd1 a6 14. Bd4 b5
15. a3 Qc7 16. Rac1 h5 17. Qe3 Kh7 18. Qf2 Bh6 19. Be3 Bxe3 20. Qxe3 Qc5 21.
Rd4 Rab8 22. Qf2 Kg7 23. Nd1 Rc7 24. c3 a5 25. Ra1 Bb3 26. Ne3 b4 27. axb4 axb4
28. Rxb4 Rxb4 29. cxb4 Qxb4 30. Bd1 Rb7 31. Bxb3 Qxb3 32. Nd1 Nd7 33. Qd4+ f6
34. Ra3 Qc2 35. Qd3 Qc5+ 36. Kf1 Ne5 37. Qc3 Qb5+ 38. Kg1 Qe2 39. Ra1 Nd3 40.
b3 Rc7 41. Qxc7 0-1

[Event "Pere Noel U1800"]
[Site "Montreal CAN"]
[Date "2016.12.28"]
[Round "3.4"]
[White "Forest, Jimmy"]
[Black "Hollander, Michael"]
[Result "0-1"]
[WhiteElo "1529"]
[BlackElo "1768"]
[PlyCount "74"]
[EventDate "2016.12.26"]
[EventType "swiss"]
[EventRounds "5"]
[EventCountry "CAN"]

1. e4 e6 2. d4 d5 3. Nc3 Nf6 4. Bg5 Bb4 5. e5 h6 6. Bxf6 gxf6 7. a3 Bxc3+ 8.
bxc3 fxe5 9. dxe5 c5 10. c4 d4 11. Bd3 Nc6 12. Nf3 Qa5+ 13. Qd2 Bd7 14. Qxa5
Nxa5 15. Nd2 Bc6 16. O-O Rg8 17. Be4 Ke7 18. Bxc6 Nxc6 19. f4 Na5 20. Rf3 Raf8
21. Raf1 f5 22. Rg3 Rxg3 23. hxg3 Rg8 24. Kf2 Kf7 25. Rh1 Kg6 26. Kf3 h5 27.
Kf2 Rd8 28. Ke2 Kh6 29. Rf1 Rb8 30. Kd3 Rg8 31. Rf3 h4 32. Nf1 a6 33. gxh4 Rxg2
34. Rg3 Rf2 35. Nd2 Rxf4 36. Nf3 Nc6 37. Ke2 Re4+ 0-1

[Event "Pere Noel U1800"]
[Site "Montreal CAN"]
[Date "2016.12.28"]
[Round "3.5"]
[White "Varfalvy, Peter"]
[Black "O'Connor, Michael"]
[Result "1/2-1/2"]
[WhiteElo "1409"]
[BlackElo "1639"]
[PlyCount "87"]
[EventDate "2016.12.26"]
[EventType "swiss"]
[EventRounds "5"]
[EventCountry "CAN"]

1. d4 f5 2. Nf3 Nf6 3. Bf4 d6 4. e3 c6 5. Bd3 g6 6. c3 Bg7 7. Qb3 Qb6 8. Nbd2
Qxb3 9. Nxb3 Nbd7 10. Bc4 Nb6 11. Nbd2 Nxc4 12. Nxc4 O-O 13. h3 Re8 14. O-O Ne4
15. Rfd1 Be6 16. Ncd2 Nxd2 17. Rxd2 Bd5 18. b3 e5 19. Bh2 Rad8 20. Rad1 Bxf3
21. gxf3 e4 22. d5 c5 23. fxe4 Rxe4 24. Rd3 c4 25. bxc4 Rxc4 26. Rc1 Kf7 27.
Rb1 b6 28. Rb4 Rxb4 29. cxb4 Be5 30. Bf4 Rc8 31. Kg2 Rc4 32. Ra3 Rc7 33. Bg3
Kf6 34. f4 Bc3 35. Bh4+ Kf7 36. Rb3 Bf6 37. Bg3 h6 38. Kf3 b5 39. h4 Rc3 40.
Be1 Rc1 41. Bf2 Rc3 42. Be1 Rc1 43. Bf2 Rc3 44. Be1 1/2-1/2